| 000 | 00697 am a2200229ua 4500 | ||
|---|---|---|---|
| 001 | 012615205 | ||
| 005 | 20131008130509.0 | ||
| 008 | 020916s2002 enkac || 001 ||eng | ||
| 020 | _a0415251818 (cased) : | ||
| 020 | _a0415226422 (pbk.) : | ||
| 082 | 0 | 4 |
_a320 _221 _bPOL |
| 245 | 0 | 0 |
_aPolitics : _ban introduction / _cBarrie Axford ... [et al.]. |
| 250 | _a2nd ed. | ||
| 260 |
_aLondon : _bRoutledge, _c2002. |
||
| 300 |
_axviii, 601 p. : _bill., ports. ; _c26 cm. |
||
| 500 | _aPrevious ed.: 1997. | ||
| 504 | _aIncludes bibliographical references and index. | ||
| 650 | 0 |
_aPolitical science. _933916 |
|
| 653 |
_bBus _cOctober2013 |
||
| 700 | 1 |
_aAxford, Barrie. _933917 |
|
| 942 |
_2ddc _cBB |
||
| 999 |
_c17599 _d17571 |
||